Statistics for Famous Actors by Picture #1

Click here to take the quiz!

General Stats

  • This quiz has been taken 4,518 times
  • The average score is 30 of 50

Answer Stats

Answer% Correct
Dwayne Johnson
94%
Leonardo DiCaprio
94%
Will Smith
94%
Tom Hanks
90%
Chris Hemsworth
86%
Morgan Freeman
86%
Robert Downey Jr.
86%
Tom Cruise
85%
Jackie Chan
84%
Adam Sandler
81%
Brad Pitt
81%
Daniel Radcliffe
80%
Benedict Cumberbatch
76%
Matt Damon
76%
Zac Efron
75%
Nicolas Cage
74%
Chris Pratt
73%
Jack Black
73%
Robert Pattinson
72%
Harrison Ford
70%
Mark Ruffalo
70%
Hugh Jackman
69%
Jake Gyllenhaal
67%
Owen Wilson
66%
Paul Rudd
64%
Jamie Foxx
63%
Denzel Washington
62%
Channing Tatum
61%
Steve Carrell
58%
Hugh Grant
55%
Tom Hardy
55%
Matthew McConaughey
53%
Russell Crowe
53%
James Franco
52%
Kevin Spacey
50%
Seth Rogen
46%
Jared Leto
45%
Mel Gibson
40%
Michael Keaton
39%
Ben Kingsley
37%
Dylan O'Brien
36%
Michael Fassbender
36%
Colin Farrell
32%
Simon Pegg
29%
Ansel Elgort
25%
Will Poulter
21%
Logan Lerman
17%
Nicholas Hoult
17%
Michael Clarke Duncan
14%
Guy Pierce
11%

Score Distribution

Percentile by Number Answered

Percent of People with Each Score

Your Score History

You have not taken this quiz